[Event "Palma de Mallorca Arenal op"]
[Site "Palma de Mallorca"]
[Date "2016.10.20"]
[Round "1"]
[White "Nadal Bestard, Sebastian"]
[Black "Garcia Nicolau, Francesc"]
[Result "1-0"]
[WhiteElo "1822"]
[BlackElo "1109"]
[PlyCount "61"]
[EventDate "2016.10.20"]
[EventType "swiss"]
[EventRounds "7"]
[EventCountry "ESP"]
[SourceTitle "EXT 2018"]
[Source "ChessBase"]
[SourceDate "2017.10.13"]
[SourceVersion "1"]
[SourceVersionDate "2017.10.13"]
[SourceQuality "1"]

1. c4 e5 2. Nc3 Nf6 3. d3 Bb4 4. g3 d5 5. Qb3 Bxc3+ 6. bxc3 0-0 7. cxd5 Qxd5 8. Qxd5 Nxd5 9. Ba3 Re8 10. c4 Nf6 11. Bg2 c6 12. Rb1 b6 13. Bd6 Bb7 14. a4 Nbd7 15. c5 Ba6 16. Bxc6 Rac8 17. Bxd7 Nxd7 18. cxb6 Nxb6 19. a5 Nd5 20. Kd2 Rcd8 21. Bc5 Rb8 22. Nh3 f6 23. Bxa7 Rb5 24. Rxb5 Bxb5 25. Rb1 Nc7 26. Bb6 Re7 27. Bxc7 Rxc7 28. Rxb5 g6 29. Rb8+ Kg7 30. a6 Ra7 31. Rb7+ 1-0